00502nam a2200193Ia 4500003000400000005001700004008004100021020001800062040000700080041000800087082001500095100002900110245007200139260004100211300001600252365001300268650001200281650001500293OSt20221122161733.0210423s2009 xx 000 0 und d a9788178299358 cAL aeng a070.1 HARR aHARINDRANATH (Ramaswami) aAudience citizens: media public knowledge and interpretive practice aLos AngelesbSage Publicationsc2009 avii,271bHB b495cINR aGeneral aMass Media